000 00432nam a2200169Ia 4500
001 17108
003 IN-NITTTR
005 20251114233202.0
008 251113s9999||||xx |||||||||||||| ||eng||
040 _beng
040 _cIN-NITTTR
041 _aeng
082 _a331.11 A38M
100 _aAggarwala, Dharma Vira
245 0 _aManpower planning, selection, training and development /
_cAggarwala, Dharma Vira
942 _2ddc
_cBK
999 _c19742
_d19742